Welcome to CU Library Online Public Access Catalogue (OPAC)

SEARCHING FOR THE HUMAN I HUMAN RESOURCE MANAGEMENT (Record no. 8706)

MARC details
000 -LEADER
fixed length control field 00461nam a22001697a 4500
005 - DATE AND TIME OF LATEST TRANSACTION
control field 20260213165509.0
008 - FIXED-LENGTH DATA ELEMENTS--GENERAL INFORMATION
fixed length control field CU66
020 ## - INTERNATIONAL STANDARD BOOK NUMBER
International Standard Book Number 978023019355
050 ## - LIBRARY OF CONGRESS CALL NUMBER
Classification number HF 5549 SEA
100 ## - MAIN ENTRY--PERSONAL NAME
Personal name BOLTON, SHARON L.
245 ## - TITLE STATEMENT
Title SEARCHING FOR THE HUMAN I HUMAN RESOURCE MANAGEMENT
Remainder of title THEORY,PRACTICE AND WORKPLACE CONTEXTS
260 ## - PUBLICATION, DISTRIBUTION, ETC.
Place of publication, distribution, etc. NEW YORK
Name of publisher, distributor, etc. PALGRAVE
Date of publication, distribution, etc. 2007
300 ## - PHYSICAL DESCRIPTION
Extent XI,315p.,
500 ## - GENERAL NOTE
General note REFERENCE,INDEX,NOTES
700 ## - ADDED ENTRY--PERSONAL NAME
Personal name HOULIHAN MAEVE
942 ## - ADDED ENTRY ELEMENTS (KOHA)
Source of classification or shelving scheme Library of Congress Classification
Koha item type Books
Suppress in OPAC No
999 ## -
-- 8706
-- 8706
Holdings
Withdrawn status Lost status Source of classification or shelving scheme Damaged status Not for loan Home library Current library Shelving location Date acquired Total checkouts Full call number Barcode Date last seen Price effective from Koha item type
    Library of Congress Classification     Graduate Library (Christ Temple) Graduate Library (Christ Temple) General stacks 02/13/2026   HF 5549 SEA gsct00002447 02/13/2026 02/13/2026 Books
    Library of Congress Classification     Graduate Library (Christ Temple) Graduate Library (Christ Temple) General stacks 02/13/2026   HF 5549 SEA gsct00002449 02/13/2026 02/13/2026 Books
    Library of Congress Classification     Graduate Library (Christ Temple) Graduate Library (Christ Temple) General stacks 02/13/2026   HF 5549 SEA gsct00002450 02/13/2026 02/13/2026 Books
    Library of Congress Classification     Graduate Library (Christ Temple) Graduate Library (Christ Temple) General stacks 02/13/2026   HF 5549 SEA gsct00002451 02/13/2026 02/13/2026 Books
    Library of Congress Classification     Graduate Library (Christ Temple) Graduate Library (Christ Temple) General stacks 02/13/2026   HF 5549 SEA gsct00002452 02/13/2026 02/13/2026 Books
© 2023-2024 Copyright: Central University Libraries. All Rights Reserved | Created by: Mahone Tech Office